Statistics for Dog Breeds by Picture - Pastoral Group

Click here to take the quiz!

General Stats

  • This quiz has been taken 147 times
  • The average score is 10 of 16

Answer Stats

Answer% Correct
German Shepherd
98%
Border Collie
89%
Rough Collie
87%
Australian Cattle Dog
86%
Pembroke Welsh Corgi
78%
Samoyed
77%
Old English Sheepdog
71%
Hungarian Puli
65%
Belgian Malinois
63%
Cardigan Welsh Corgi
57%
Shetland Sheepdog
55%
Bearded Collie
51%
Swedish Vallhund
40%
Briard
39%
Finnish Lapphund
26%
Hungarian Pumi
24%

Score Distribution

Percentile by Number Answered

Percent of People with Each Score

Your Score History

You have not taken this quiz